000 01223nac a22003737a 4500
001 BR2012007553
003 BR-BrBNA
005 20240105123946.0
008 230509b bl.|||m| |||| 00| 0 por d
040 _aBR-BrBNA
_bpor
_cBiblioteca Nacional de Agricultura
072 _aF04
090 _a4540 BR2012007553
100 1 _aSales, E.F.
100 1 _aTeixeira, A.F.R.
100 1 _aFormentini, E.A.
100 1 _aAraújo, J.B.S.
100 1 _aNovak, L.R.
100 1 _aTaques, R.C.
100 1 _aSilva, V.M. da
110 1 _aInstituto Capixaba de Pesquisa, Assistência Técnica e Extensão Rural, Vitória, ES (Brasil)
245 1 _aCompostagem orgânica: uma tecnologia ao alcance dos agricultores
260 3 _aVitória, ES (Brasil):
_c2011.
300 _a36 p.
490 _aDocumentos - Instituto Capixaba de Pesquisa, Assistência Técnica e Extensão Rural (Brazil)
_vno. 197
_xISSN 1519-2059
500 _a15 illus.; 8 tables; 15 ref.
650 _aADUBAÇÃO
650 _aCOMPOSTAGEM
650 _aCOMPOSTO ORGÂNICO
650 _aAGRICULTOR
650 _aMECANIZAÇÃO
650 _aMATÉRIA ORGÂNICA
909 _a202312
_bLúcia Elande
_c55
_dLúcia Elande
942 _2AGRIS
_n0
_cMS
999 _c297728
_d297728